000 02253nam a22003617a 4500
001 105844
003 KnowledgeUnlatched
005 20210303104920.0
006 m o d
007 cr u||||||||||
008 210129p20152020xx o u00| u ger d
037 _5BiblioBoard
245 0 0 _aJudith Le Soldat: Werkausgabe / Band 1: Grund zur Homosexualität
_bVorlesungen zu einer neuen psychoanalytischen Theorie der Homosexualität /
_cMonika Gsell, Judith Le Soldat.
020 _a9783772830716
029 1 _ahttps://library.biblioboard.com/ext/api/media/f992f4f1-c771-414a-ab34-e66351edc4e0/assets/thumbnail.jpg
040 _aScCtBLL
_cScCtBLL
506 0 _aAccess copy available to the general public.
_fUnrestricted
_2star
700 1 _aGsell, Monika
_eeditor.
700 1 _aLe Soldat, Judith
_eauthor.
264 1 _bfrommann-holzboog,
300 _a1 online resource (1 p.)
520 _a›Grund zur Homosexualität‹ eröffnet ein radikal neues Verständnis der psychischen Prozesse, die an der Herausbildung dessen beteiligt sind, was wir sexuelle Orientierung nennen. Dabei wird nicht nur das Alltagsverständnis von Homo- und Heterosexualität hinterfragt. Auch unsere Vorstellungen davon, was Männlichkeit und Weiblichkeit bedeuten, werden auf ganz neue Grundlagen gestellt. Die Theorie, die uns Judith Le Soldat mit diesem Buch zur Verfügung stellt, ist denn auch viel mehr als eine Theorie der Homosexualität: Sie zeigt, dass eine genaue Analyse des Phänomens der Homosexualität zugleich ganz neue, bisher unerkannte Einsichten über das grundsätzliche Funktionieren der menschlichen Seele erlaubt.
588 0 _aDescription based on print version record.
590 _aKU Open Services
650 7 _aPsychology / Research & Methodology
_2bisacsh
650 0 _aPsychology
655 0 _aElectronic books.
758 _iIs found in:
_aKnowledge Unlatched
_1https://openresearchlibrary.org/module/2774bc74-146a-484f-a7ba-ab1d6a09bbfb
856 4 0 _uhttps://openresearchlibrary.org/content/f992f4f1-c771-414a-ab34-e66351edc4e0
_zView this content on Open Research Library.
_70
999 _c32952
_d32952